000 00520nam a2200181Ia 4500
008 191130s1916##################000#0#eng##
020 _a406000379
040 _aACL
_cACL
082 _a348.4204 BRI
245 _aThe all England law reports reprint 1916-1917
_cedited by G.F.L. Bridgman
260 _aLondon
_bButterworth & Co
_c1916-1917
300 _a928 p.; 23 cm.
650 _aLaw- Reports
700 _aBridgman, G. F. L
990 _a124d0559ac10000c233ce1af54b6fea3
991 _a395405
999 _c292591
_d292591